000 00814cab a22002175a 4500
001 L140511
008 070926e20070921xxka a 000 0 eng d
035 _a(Sirsi) u140511
041 0 _aeng
100 1 _aHoldsworth, Bill
245 0 0 _aSpecifier
_bhousing
260 _c2007
490 0 _aBuilding
_v272(8498) 21 September 2007, 76-82(5)
520 _aReports on techniques for flood-resilient homes, including the floating homes in Holland, and considers if a similar system could be adopted in the UK. Also looks at life-cycle costs for different types of fences, and provides details of housing products and suppliers.
590 _aKA
651 4 _aUnited Kingdom
_y
690 _aResidential property
_96266
690 _aBUILT ENVIRONMENT-BUILDING ELEMENTS
700 1 _aMayer, Peter
942 _n0
999 _c79292
_d79292